| 000 | 01590nam a2200397 i 4500 | ||
|---|---|---|---|
| 001 | 013743560 | ||
| 003 | EG-ScBUE | ||
| 005 | 20241007122038.0 | ||
| 008 | 070321t2008 maua f 001 0 eng d | ||
| 020 | _a9780321511652 (International ed. : pbk) | ||
| 020 | _a0321511654 (International ed. : pbk) | ||
| 040 |
_aUk _beng _erda _cUk _dEG-ScBUE |
||
| 082 | 0 | 4 |
_a515 _bTHO _222 |
| 100 | 1 |
_aThomas, George B., _cJr. _q(George Brinton), _d1914-2006, _eauthor. |
|
| 245 | 1 | 0 |
_aThomas' calculus : _bearly transcendentals : media upgrade / _cbased on the original work by George B. Thomas, Jr., Massachusetts Institute of Technology ; as revised by Maurice D. Weir, Naval Postgraduate School, Joel Hass, University of California, Davis, Frank R. Giordano, Naval Postgraduate School. |
| 250 | _aEleventh edition. | ||
| 250 | _aPearson international edition. | ||
| 264 | 1 |
_aBoston : _bPearson/Addison-Wesley, _c[2008] |
|
| 264 | 4 | _cc2008 | |
| 300 |
_a1 volume (various pagings) : _bcolor illustrations ; _c26 cm |
||
| 336 |
_atext _2rdacontent _btxt |
||
| 337 |
_aunmediated _2rdamedia _bn |
||
| 338 |
_avolume _2rdacarrier _bnc |
||
| 500 | _aIncludes appendix. | ||
| 500 | _aIncludes index. | ||
| 650 | 7 |
_aCalculus _vTextbooks. _2BUEsh |
|
| 653 |
_bGGEN _cMarch2020 |
||
| 655 |
_vReading book _934232 |
||
| 700 | 1 |
_aHass, Joel, _erevisor. |
|
| 700 | 1 |
_aGiordano, Frank R., _erevisor. _95505 |
|
| 700 | 1 |
_aWeir, Maurice D., _erevisor. |
|
| 942 |
_2ddc _cBB |
||
| 999 |
_c28356 _d28327 |
||